=LDR 00000nam 2200000 4500 =001 NUTBA000000000005226 =005 20251117023441 =035 ##$$a 0010-101400000000456 =008 251117################g##########0#ind## =020 ##$$a 978-602-8505-80-2 =040 ##$$a NBPDMAT =082 ##$$a 551.430 959 8 =090 ##$$a 551.430 959 8 Fer m =100 ##$$a Ferdianto,S =245 1#$$a Mengenal gunung-gunung di Nusantara /$c S. Ferdianto; editor, Adrian R Nugraha =250 ##$$a Cet. 2 =260 ##$$a Jakarta :$b Multazam Mulia Utama,$c 2011 =300 ##$$a vi, 73 hlm. : $b ilus. ; $c 25x17 cm =500 ##$$a Bibliografi hlm : 72 =700 #$$a Adrian R Nugraha =850 ##$$a NBPDMAT =084 ##$$a 551.430 959 8 FER m =650 #4$$a Gunung - Indonesia =990 ##$$a 0001/BPAP-NTB/20142014 =990 ##$$a 0001/BPAP-NTB/20142014 =990 ##$$a 0001/BPAP-NTB/20142014 =990 ##$$a 0001/BPAP-NTB/20142014 =990 ##$$a 0001/BPAP-NTB/20142014 =990 ##$$a 21412542 =990 ##$$a 0001/BPAP-NTB/20142014 =990 ##$$a 0001/BPAP-NTB/20142014 =990 ##$$a 0001/BPAP-NTB/20142014 =990 ##$$a 0001/BPAP-NTB/20142014 =990 ##$$a 21412543 =990 ##$$a 21412542 =990 ##$$a 0001/BPAP-NTB/20142014 =990 ##$$a 0001/BPAP-NTB/20142014 =990 ##$$a 0001/BPAP-NTB/20142014 =990 ##$$a 21412544 =990 ##$$a 21412542 =990 ##$$a 21412543 =990 ##$$a 0001/BPAP-NTB/20142014 =990 ##$$a 0001/BPAP-NTB/20142014 =990 ##$$a 21412545 =990 ##$$a 21412542 =990 ##$$a 21412543 =990 ##$$a 21412544 =990 ##$$a 0001/BPAP-NTB/20142014 =990 ##$$a 21412546 =990 ##$$a 21412542 =990 ##$$a 21412543 =990 ##$$a 21412544 =990 ##$$a 21412545